An introduction to theory and application of quantum mechanics (Record no. 15580)

MARC details
000 -LEADER
fixed length control field 00505 am a2200193 a 4500
001 - CONTROL NUMBER
control field 152825
003 - CONTROL NUMBER IDENTIFIER
control field OSt
005 - DATE AND TIME OF LATEST TRANSACTION
control field 20220217110508.0
008 - FIXED-LENGTH DATA ELEMENTS--GENERAL INFORMATION
fixed length control field 60317 ###
020 ## - INTERNATIONAL STANDARD BOOK NUMBER
International Standard Book Number 9780486499864
082 ## - DEWEY DECIMAL CLASSIFICATION NUMBER
Classification number 530.12
Item number Y21I
100 1# - MAIN ENTRY--PERSONAL NAME
Personal name Yariv, Amnon
245 1# - TITLE STATEMENT
Title An introduction to theory and application of quantum mechanics
Statement of responsibility, etc by Amnon Yariv
260 ## - PUBLICATION, DISTRIBUTION, ETC. (IMPRINT)
Place of publication, distribution, etc Mineola
Name of publisher, distributor, etc Dover Publication
Date of publication, distribution, etc 2013
300 ## - PHYSICAL DESCRIPTION
Extent 300p.
653 ## - INDEX TERM--UNCONTROLLED
Uncontrolled term Physics
653 ## - INDEX TERM--UNCONTROLLED
Uncontrolled term Quantum theory
942 ## - ADDED ENTRY ELEMENTS (KOHA)
Source of classification or shelving scheme Dewey Decimal Classification
Koha item type Books
Holdings
Withdrawn status Lost status Damaged status Not for loan Collection code Home library Current library Date acquired Source of acquisition Full call number Barcode Date last seen Price effective from Koha item type Total Checkouts Date checked out Source of classification or shelving scheme Use restrictions
        General Text Book Central University Of Rajasthan Central University Of Rajasthan 28/02/2016 PHY 530.12 Y21I 26795 21/11/2024 02/09/2020 Books        
        General Text Book Central University Of Rajasthan Central University Of Rajasthan 28/02/2016 PHY 530.12 Y21I 26794 09/02/2026 02/09/2020 Books 1 05/02/2026    
      Not For Loan Reserve Text Book Central University Of Rajasthan Central University Of Rajasthan 28/02/2016 PHY 530.12 Y21I 26798 21/11/2024 02/09/2020 Books     Dewey Decimal Classification Restricted Access
        General Text Book Central University Of Rajasthan Central University Of Rajasthan 28/02/2016 PHY 530.12 Y21I 26797 21/11/2024 02/09/2020 Books        
        General Text Book Central University Of Rajasthan Central University Of Rajasthan 28/02/2016 PHY 530.12 Y21I 26796 21/11/2024 02/09/2020 Books